000 00224nam a2200085Ia 4500
245 0 _aSpace encyclopedia
100 _a COUPER, Heather London, [2003]
_978984
942 _cBK
008 210817s9999 xx 000 0 und d
999 _c273911
_d273909